Estadísticas para Lenguajes Oficiales de Sudáfrica

Haz click aquí para intentar la prueba.

Estadísticas generales

  • Esta prueba ha sido intentada 917 veces
  • La puntuación promedio es 4 de 11

Estadísticas de respuestas

%Lenguaje% Correcto
9.6%Inglés
96%
13.5%Afrikáans
68%
22.7%Zulú
58%
16.0%Xhosa
39%
2.5%Suazi
30%
7.6%Sesotho
29%
2.1%Ndebele
23%
4.5%Tsonga
23%
8.0%Tswana
22%
2.4%Venda
22%
9.1%Sotho del norte
19%

Distribución de puntuación

Porcentaje por número respondido

Porcentaje de gente con cada puntuación

Historial de tus puntuaciones

No has intentado esta prueba.